=LDR 00000nam 2200000 4500 =001 000814 =005 20250712120400 =035 ##$$a 0010-0725000684 =007 ta =008 250712################a##########0#ind## =020 ##$$a 978-623-472-260-4 =082 ##$$a 398.209 598 =084 ##$$a 398.209 598 MAN a =100 #$$a Mann David =245 1#$$a Ada Apa di Taman? /$c David Mann =250 ##$$a Cetakan Pertama 2024 =260 ##$$a Jakarta :$b Badan Pengembangan dan Pembinaan Bahasa,$c 2022 =300 ##$$a 28 hlm : $b Ilus. ; $c 22,9 cm =650 #4$$a Cerita Anak Indonesia - Terjemahan =650 #4$$a Literasi- Bahan Bacaan =990 ##$$a TBM202400601